000 00497nam a2200157Ia 4500
003 OSt
005 20200605112102.0
008 190216s9999||||xx |||||||||||||| ||und||
040 _coclc
082 _a320.954
_bSAI/P
100 _aSaiyid, Matlubul Hasan
_92517
245 4 _aThe Political Study Of Mohammad Ali Jinnah Vol 1 /
_cMatlubul Hasan Saiyid
260 _bAnmol Publications,
_c1986.
_aDelhi:
300 _a476p
942 _cBK
_2ddc
_h320.954
_iSAI/P
_k320.954
_mSAI/P
999 _c19910
_d19910